00351nam a2200109Ia 4500008004100000245006600041245002000107260000900127650001300136999001900149952007300168171211s9999 xx 000 0 und d 4aThe Gun Digest Book of Automatic Pistols Assembly/Disassembly cKevin Muramatsu c2012 xMilitary c348345d348345 001040aCLbCLd2017-12-11l0r2017-12-11 00:00:00w2017-12-11yCBE